If Poets Sold Out Quiz Stats

 Plays Quiz not verified by Sporcle

Score 0/15 Timer 04:00
0 Plays Today
% Correct
Poe, Edgar Allan
88.3%
Angelou, Maya
82.1%
Milton, John
76.9%
Blake, William
70.5%
Tennyson, Alfred Lord
69.6%
Thomas, Dylan
67.3%
Donne, John
65.5%
Wordsworth, William
63.5%
% Correct
Keats, John
59.2%
Browning, Elizabeth Barrett
55.7%
Lear, Edward
54.3%
Whitman, Walt
53.9%
McCrae, John
51.7%
Dickinson, Emily
46.8%
Frost, Robert
34.8%

You're not logged in!

Compare scores with friends on all Sporcle quizzes.
OR
Log In

Show Comments

Extras

Top Quizzes Today


Score Distribution

Your Account Isn't Verified!

In order to create a playlist on Sporcle, you need to verify the email address you used during registration. Go to your Sporcle Settings to finish the process.

Report this User

Report this user for behavior that violates our Community Guidelines.

Details: